000 00448nam a2200181Ia 4500
005 20250423101148.0
008 250422s9999 xx 000 0 und d
020 _a9780241258767
050 _aQA 276.12 .S65/
100 _aSpiegelhater, David
245 4 _aThe art of statistics: learning from data
260 _aUK
260 _bPelican Books
260 _c2019
300 _a426 p
650 _a Statistics--Popular works.
942 _cBK
999 _c35479
_d35479